| 000 | 00481nab a2200145Ia 4500 | ||
|---|---|---|---|
| 003 | ES-SlBCS | ||
| 005 | 20210601134636.0 | ||
| 008 | 140529s1987 xxu||||| |||| 00| 0 spa d | ||
| 041 | _aspa | ||
| 100 | 1 |
_aGonzález Blanco, Antonino _990153 |
|
| 245 | 0 | 0 |
_aLos textos de la Cueva Negra. Del descubrimiento a su lectura y estudio _c Antonino González Blanco |
| 651 | 4 |
_aCueva Negra _9220668 |
|
| 773 | 0 |
_tAntigüedad y Cristianismo _gnº. 4, 1987, págs. 15-30 _wRev1032 |
|
| 942 | _cAR | ||
| 999 |
_c615739 _d615739 |
||